01105cam a2200181 i 4500020003100000020002800031082001400059100002200073245005000095250001900145300004600164505054700210650002700757650003500784650004100819700003200860700003100892 a9781451190892 (alk. paper) a1451190891 (alk. paper)00a616.07/5  aFischbach,Dunning02aA manual of laboratory and diagnostic tests / aNinth edition. axiii, 1261 pages :bcolor illustrations ;0 aDiagnostic testing -- Blood studies : hematology and coagulation -- Urine studies -- Stool studies -- Cerebrospinal fluid studies -- Chemistry studies -- Microbiologic studies -- Immunodiagnostic studies -- Nuclear medicine studies -- X-ray studies -- Cytologic, histologic, and genetic studies -- Endoscopic studies -- Ultrasound studies -- Pulmonary function, arterial blood gases (abgs), and electrolyte studies -- Prenatal diagnosis and tests of fetal well-being -- Special diagnostic, special specimen collection, and postmortem studies. 0aMedical technologists.12aClinical Laboratory Techniques22aDiagnostic Techniques and Procedures1 aFischbach, Frances Talaska,1 aDunning, Marshall Barnett,